LIBRARY ONLINE CATALOGUE

Law and justice in a multicultural society : (Record no. 13050)

MARC details
000 -LEADER
fixed length control field 00782cam a22002172 4500
001 - CONTROL NUMBER
control field 0000007244
005 - DATE AND TIME OF LATEST TRANSACTION
control field 20151217155832.0
008 - FIXED-LENGTH DATA ELEMENTS--GENERAL INFORMATION
fixed length control field 071206s xx 000 0 eng d
020 ## - INTERNATIONAL STANDARD BOOK NUMBER
International Standard Book Number 2869781911 :
Terms of availability KES
040 ## - CATALOGING SOURCE
Original cataloging agency KABU
Transcribing agency KABU
245 10 - TITLE STATEMENT
Title Law and justice in a multicultural society :
Remainder of title the case of Mozambique /
Statement of responsibility, etc. ed. by Boaventura de Sousa Santos, Joao Carlos Trindade & Maria Paula Menases.
260 ## - PUBLICATION, DISTRIBUTION, ETC. (IMPRINT)
Place of publication, distribution, etc. Dakar :
Name of publisher, distributor, etc. CODESRIA,
Date of publication, distribution, etc. 2006.
300 ## - PHYSICAL DESCRIPTION
Extent xiv, 251 p.
650 #0 - SUBJECT ADDED ENTRY--TOPICAL TERM
Topical term or geographic name as entry element Legal polycentricity
Geographic subdivision Mozambique.
-- 0000158410
700 1# - ADDED ENTRY--PERSONAL NAME
Personal name De Sousa Santos, Boaventura.
-- 0000158411
700 1# - ADDED ENTRY--PERSONAL NAME
Personal name Trindade, Joao Carlos.
-- 0000158412
700 1# - ADDED ENTRY--PERSONAL NAME
Personal name Meneses, Maria Paula.
-- 0000158413
908 ## - PUT COMMAND PARAMETER (RLIN)
Put command parameter 071206
950 ## - LOCAL HOLDINGS (RLIN)
-- 1
Holdings
Withdrawn status Lost status Source of classification or shelving scheme Not for loan Home library Current library Date acquired Total Checkouts Full call number Barcode Date last seen Price effective from Koha item type
    Library of Congress Classification   Kabarak, Main Campus Kabarak, Main Campus 17/12/2015   KSX469 .L39 011449 17/12/2015 17/12/2015 Africana Collection